BSOP header

The Bible in Aramaic : (Record no. 52595)

MARC details
000 -LEADER
fixed length control field 00510nam a22001697a 4500
005 - DATE AND TIME OF LATEST TRANSACTION
control field 20240422141125.0
008 - FIXED-LENGTH DATA ELEMENTS--GENERAL INFORMATION
fixed length control field 240422b ||||| |||| 00| 0 eng d
040 ## - CATALOGING SOURCE
Original cataloging agency BSOP
050 ## - LIBRARY OF CONGRESS CALL NUMBER
Classification number BS709.13
Item number B58 1968
245 ## - TITLE STATEMENT
Title The Bible in Aramaic :
Remainder of title based on old manuscripts and printed texts /
Statement of responsibility, etc edited by Alexander Sperber.
260 ## - PUBLICATION, DISTRIBUTION, ETC. (IMPRINT)
Place of publication, distribution, etc Leiden :
Name of publisher, distributor, etc E. J. Brill,
Date of publication, distribution, etc c1968.
300 ## - PHYSICAL DESCRIPTION
Extent vi, 205p. ;
Dimensions 24cm.
440 ## - SERIES STATEMENT/ADDED ENTRY--TITLE
Volume number/sequential designation Volume 4A
650 ## - SUBJECT ADDED ENTRY--TOPICAL TERM
Topical term or geographic name as entry element Bible -- Aramaic
700 ## - ADDED ENTRY--PERSONAL NAME
Personal name Sperber, Alexander
942 ## - ADDED ENTRY ELEMENTS (KOHA)
Source of classification or shelving scheme Library of Congress Classification
Item type Books
Holdings
Withdrawn status Lost status Source of classification or shelving scheme Damaged status Not for loan Home library Current library Shelving location Date acquired Source of acquisition Inventory number Total Checkouts Full call number Barcode Date last seen Price effective from Koha item type
    Library of Congress Classification     BSOP Library BSOP Library David Weisberg Collection 04/22/2024 Donated by Dr. David and Oprah Weisberg 48054   REF BS709.13 B58 1968 v.4A 00060388 04/22/2024 04/22/2024 Books
BSOP

Biblical Seminary of the Philippines
  All rights Reserved
  © 2024

CONTACT INFORMATION

Biblical Seminary of the Philippines,
  77-B Karuhatan Road, Valenzuela City,
  PHILIPPINES 1441
  Phone: +632 8292-6795 / 8292-6798
  Fax : +632 8292-6675
  Email: library@bsop.edu.ph